[Event "GER Cup Net V1 U2000"]
[Site "Playchess.com INT"]
[Date "2020.05.19"]
[Round "8"]
[White "Hingst, Silke"]
[Black "Tschendel, Roland"]
[Result "0-1"]
[WhiteElo "1656"]
[BlackElo "1453"]
[PlyCount "94"]
[EventDate "2020.05.19"]
[EventType "swiss (blitz)"]
[EventRounds "9"]
[EventCountry "GER"]
[SourceTitle "EXT 2021"]
[Source "ChessBase"]
[SourceDate "2020.10.23"]
[SourceVersion "1"]
[SourceVersionDate "2020.10.23"]
[SourceQuality "1"]

1. e4 c5 2. d4 cxd4 3. c3 Nf6 4. e5 Nd5 5. cxd4 d6 6. exd6 Qxd6 7. Nf3 Bg4 8. Be2 Nc6 9. Nc3 e6 10. 0-0 Be7 11. Nxd5 Qxd5 12. Be3 0-0 13. Rc1 Rac8 14. a3 Rfd8 15. Bc4 Qh5 16. Be2 Bf6 17. Qa4 a6 18. h3 Nxd4 19. Nxd4 Bxe2 20. Nxe2 Qxe2 21. Rce1 Qc4 22. Qxc4 Rxc4 23. Bb6 Rd6 24. Be3 b5 25. Rc1 Bxb2 26. Rxc4 bxc4 27. Rb1 c3 28. Kf1 h6 29. Ke2 f5 30. a4 e5 31. Bc1 Bxc1 32. Rxc1 Rd4 33. Rxc3 Rxa4 34. Rc7 e4 35. Ra7 Ra5 36. Rb7 Kh7 37. Rb6 h5 38. Rc6 g6 39. Rb6 Kg7 40. Ke3 Kf7 41. Kf4 Ra2 42. Ke3 a5 43. Ra6 g5 44. Ra8 Ke6 45. Rh8 h4 46. Re8+ Kd5 47. Rg8 f4# 0-1

[Event "GER-ch Net blitz qual4"]
[Site "Playchess.com INT"]
[Date "2020.03.23"]
[Round "5"]
[White "Hingst, Silke"]
[Black "Backes, Markus"]
[Result "1-0"]
[WhiteElo "1888"]
[BlackElo "1498"]
[PlyCount "147"]
[EventDate "2020.03.23"]
[EventType "swiss (blitz)"]
[EventRounds "9"]
[EventCountry "GER"]
[SourceTitle "CBM 195 Extra"]
[Source "ChessBase"]
[SourceDate "2020.05.31"]
[SourceVersion "1"]
[SourceVersionDate "2020.05.31"]
[SourceQuality "1"]

1. e4 c5 2. d4 cxd4 3. c3 d6 4. cxd4 g6 5. Nf3 Bg7 6. Nc3 a6 7. Bc4 b5 8. Bb3 e6 9. 0-0 Bb7 10. Re1 Ne7 11. Bf4 Nbc6 12. Rc1 Na5 13. Bc2 Rc8 14. Bb1 0-0 15. Qd3 Nc4 16. b3 Nb6 17. Ne2 Rxc1 18. Rxc1 Qd7 19. Rc3 Rc8 20. Qc2 Rxc3 21. Qxc3 f6 22. Bg3 e5 23. d5 Qc8 24. Qxc8+ Nexc8 25. Ne1 Ne7 26. Nd3 f5 27. f3 Bh6 28. Bf2 Nd7 29. Nb4 Bd2 30. a3 a5 31. Na2 Ba6 32. Nac3 b4 33. axb4 axb4 34. Na4 Bxe2 35. Ba7 f4 36. Kf2 Be3+ 37. Bxe3 fxe3+ 38. Kxe2 Nc8 39. Kxe3 Ncb6 40. Nxb6 Nxb6 41. Bd3 Kf7 42. Bb5 Kf6 43. Kd3 g5 44. g3 h6 45. Ke3 Ke7 46. Bc6 Kd8 47. h3 Ke7 48. f4 Kf6 49. fxe5+ Kxe5 50. Be8 Kf6 51. Bh5 Ke5 52. Bg4 Kf6 53. Bf5 Ke5 54. Kf3 Kd4 55. Kg4 Kc3 56. Kh5 Kxb3 57. Kxh6 Ka2 58. Kxg5 b3 59. Kf6 b2 60. e5 Nxd5+ 61. Ke6 Ne3 62. Be4 d5 63. Bd3 d4 64. Kd7 Nd5 65. e6 Nb4 66. Bg6 d3 67. e7 b1Q 68. e8Q Qb2 69. Qe6+ Kb1 70. Qe1+ Qc1 71. Qxb4+ Kc2 72. Qc4+ Kd1 73. Qxc1+ Kxc1 74. Bxd3 1-0

[Event "GER-ch Net blitz qual4"]
[Site "Playchess.com INT"]
[Date "2020.03.23"]
[Round "3"]
[White "Roelle, Philipp"]
[Black "Hingst, Silke"]
[Result "1-0"]
[WhiteElo "2061"]
[BlackElo "1888"]
[PlyCount "77"]
[EventDate "2020.03.23"]
[EventType "swiss (blitz)"]
[EventRounds "9"]
[EventCountry "GER"]
[SourceTitle "CBM 195 Extra"]
[Source "ChessBase"]
[SourceDate "2020.05.31"]
[SourceVersion "1"]
[SourceVersionDate "2020.05.31"]
[SourceQuality "1"]

1. e4 c5 2. Nf3 d6 3. Bb5+ Bd7 4. Bxd7+ Qxd7 5. c4 g6 6. 0-0 Bg7 7. d4 cxd4 8. Nxd4 Nf6 9. Nc3 0-0 10. f3 Nc6 11. Be3 Nxd4 12. Bxd4 Nh5 13. Bxg7 Nxg7 14. Qd4 Ne6 15. Qd3 Nc5 16. Qe2 Rac8 17. b3 a6 18. Rac1 Rc7 19. Kh1 Rfc8 20. Rfd1 Rc6 21. Qd2 f6 22. Nd5 Kg7 23. Ne3 b5 24. Ng4 g5 25. e5 Qf5 26. exf6+ exf6 27. Re1 R6c7 28. Qxd6 Rd7 29. Re7+ Rxe7 30. Qxe7+ Kg6 31. Re1 Rg8 32. Ne3 Qc8 33. Nd5 Qc6 34. Qe3 Kg7 35. h3 Rf8 36. Qe7+ Rf7 37. Qe3 Kg8 38. Ne7+ Kg7 39. Nxc6 1-0

[Event "GER-ch Net blitz qual3"]
[Site "Playchess.com INT"]
[Date "2020.03.21"]
[Round "1"]
[White "Hingst, Silke"]
[Black "Perestjuk, Marko"]
[Result "0-1"]
[WhiteElo "1888"]
[BlackElo "2126"]
[PlyCount "60"]
[EventDate "2020.03.21"]
[EventType "swiss (blitz)"]
[EventRounds "9"]
[EventCountry "GER"]
[SourceTitle "CBM 195 Extra"]
[Source "ChessBase"]
[SourceDate "2020.05.31"]
[SourceVersion "1"]
[SourceVersionDate "2020.05.31"]
[SourceQuality "1"]

1. e4 e6 2. d4 d5 3. Nd2 c5 4. c3 cxd4 5. cxd4 dxe4 6. Nxe4 Nf6 7. Ng3 Nc6 8. Nf3 Bb4+ 9. Bd2 0-0 10. Bxb4 Nxb4 11. Bd3 Nxd3+ 12. Qxd3 b6 13. 0-0 Bb7 14. Rac1 Rc8 15. Ne5 Qd5 16. f3 Qxa2 17. b3 Bd5 18. Nc4 Rfd8 19. Ra1 Bxc4 20. bxc4 Qxc4 21. Qxc4 Rxc4 22. Rxa7 Rcxd4 23. Rb1 Nd5 24. Ne2 Rd2 25. Kf2 Rxe2+ 26. Kxe2 Nc3+ 27. Kf2 Nxb1 28. Rb7 Nc3 29. Rxb6 g6 30. Rc6 Nd5 0-1

[Event "GER-ch Net blitz qual3"]
[Site "Playchess.com INT"]
[Date "2020.03.21"]
[Round "3"]
[White "Hingst, Silke"]
[Black "Spieker, Hans Joachim"]
[Result "1-0"]
[WhiteElo "1888"]
[BlackElo "1829"]
[PlyCount "191"]
[EventDate "2020.03.21"]
[EventType "swiss (blitz)"]
[EventRounds "9"]
[EventCountry "GER"]
[SourceTitle "CBM 195 Extra"]
[Source "ChessBase"]
[SourceDate "2020.05.31"]
[SourceVersion "1"]
[SourceVersionDate "2020.05.31"]
[SourceQuality "1"]

1. e4 c5 2. d4 cxd4 3. c3 dxc3 4. Nxc3 Nc6 5. Nf3 d6 6. Bc4 e6 7. 0-0 Nf6 8. Qe2 Bd7 9. Rd1 Qb8 10. Bf4 Ne5 11. Nxe5 dxe5 12. Bg3 Be7 13. Rac1 0-0 14. Bb3 Bc6 15. Rd2 Rd8 16. Rcd1 Rxd2 17. Rxd2 Qc7 18. f3 Rd8 19. Rxd8+ Bxd8 20. Kh1 Be7 21. Qd3 Qd6 22. Qxd6 Bxd6 23. Bf2 a6 24. Na4 Nh5 25. Nc5 Nf4 26. Bc4 Kf8 27. Kg1 Ke7 28. Kf1 b5 29. Bb3 a5 30. a3 Bxc5 31. Bxc5+ Kd7 32. Bb6 a4 33. Bc2 g6 34. Kf2 f5 35. Ke3 Nxg2+ 36. Kf2 Nf4 37. Ba5 h6 38. Bb6 Nh5 39. Be3 f4 40. Bb6 Nf6 41. Bd3 g5 42. Bf1 Kd6 43. Ba5 Nd7 44. Bh3 Nf8 45. Bb4+ Kd7 46. Bxf8 h5 47. Bh6 g4 48. Bg2 Kd6 49. fxg4 hxg4 50. Bg5 f3 51. Bf1 Bd7 52. Kg3 Kc5 53. h4 gxh3 54. Bxh3 Kd4 55. Kxf3 Kc4 56. Bf1+ Kb3 57. Bc1 Kc2 58. Bh6 Kxb2 59. Bf8 Kc3 60. Ke3 Bc6 61. Be7 Bd7 62. Bd6 Kb2 63. Be2 Bc6 64. Bd3 Kb3 65. Kf3 Kc3 66. Bb1 Kd4 67. Bc7 Bd7 68. Bb6+ Kc4 69. Ke3 Kb3 70. Bc5 Kc4 71. Bd6 Bc6 72. Bxe5 Kb3 73. Bd6 Kc4 74. Bc2 Kc3 75. Bd1 Bd7 76. Bg4 Kc4 77. Be2+ Kc3 78. Kf4 Kd4 79. Bc7 Kc3 80. Ke5 Kb3 81. Bd6 Bc8 82. Bg4 Bb7 83. Bxe6+ Kc3 84. Bd5 Bc8 85. Kf6 Bg4 86. e5 Bh5 87. e6 Be8 88. e7 Bd7 89. Bf7 Bc6 90. e8Q Bxe8 91. Bxe8 Kb3 92. Bxb5 Ka2 93. Bxa4 Kb2 94. Bc6 Kc3 95. a4 Kc4 96. a5 1-0

[Event "Mecklenburg VP VL1819"]
[Site "Mecklenburg VP"]
[Date "2018.12.16"]
[Round "4.6"]
[White "Bahr, Enrico"]
[Black "Hingst, Silke"]
[Result "1/2-1/2"]
[WhiteElo "1874"]
[BlackElo "1844"]
[PlyCount "103"]
[EventDate "2018.10.21"]
[EventType "team-tourn"]
[EventRounds "9"]
[EventCountry "GER"]
[SourceTitle "EXT 2022"]
[Source "ChessBase"]
[SourceDate "2021.10.06"]
[SourceVersion "1"]
[SourceVersionDate "2021.10.06"]
[SourceQuality "1"]
[WhiteTeam "Wismar ASV Gruen-Weiss"]
[BlackTeam "Rostock SSC 07"]
[WhiteTeamCountry "GER"]
[BlackTeamCountry "GER"]

1. d4 f5 2. Nf3 Nf6 3. Bg5 d5 4. e3 Nbd7 5. Bd3 e6 6. Nbd2 Be7 7. 0-0 0-0 8. c4 h6 9. Bxf6 Rxf6 10. Qb3 c6 11. cxd5 exd5 12. e4 fxe4 13. Nxe4 Rf8 14. Rae1 Qb6 15. Ned2 Qxb3 16. Nxb3 Bb4 17. Re2 Nf6 18. Ne5 Bg4 19. f3 Bh5 20. a3 Bd6 21. Rfe1 Rfe8 22. Bf5 Re7 23. Ng6 Rxe2 24. Rxe2 Kf7 25. Nh4 Re8 26. Rxe8 Nxe8 27. g4 Be7 28. Ng2 Bg6 29. Bxg6+ Kxg6 30. Kf2 Nd6 31. Nd2 Bd8 32. Ke3 Bb6 33. Kd3 h5 34. Nf4+ Kg5 35. Nxh5 g6 36. Ng3 Kh4 37. Ne2 g5 38. b4 Kh3 39. a4 Kxh2 40. f4 gxf4 41. Nxf4 Bd8 42. Ne6 Be7 43. g5 Nf5 44. g6 Bf6 45. Nb3 b6 46. b5 cxb5 47. axb5 Kg3 48. Na1 Kg4 49. Nc2 Nd6 50. Ne3+ Kh5 51. Nxd5 Kxg6 52. Nc3 1/2-1/2

[Event "Mecklenburg VP VL1819"]
[Site "Mecklenburg VP"]
[Date "2018.10.21"]
[Round "1.5"]
[White "Hingst, Silke"]
[Black "Ehlers, Michael2222"]
[Result "0-1"]
[WhiteElo "1844"]
[BlackElo "1850"]
[PlyCount "84"]
[EventDate "2018.10.21"]
[EventType "team-tourn"]
[EventRounds "9"]
[EventCountry "GER"]
[SourceTitle "EXT 2022"]
[Source "ChessBase"]
[SourceDate "2021.10.06"]
[SourceVersion "1"]
[SourceVersionDate "2021.10.06"]
[SourceQuality "1"]
[WhiteTeam "Rostock SSC 07"]
[BlackTeam "Torgelow Droegeheide"]
[WhiteTeamCountry "GER"]
[BlackTeamCountry "GER"]

1. e4 c5 2. c3 g6 3. d4 cxd4 4. cxd4 d5 5. exd5 Nf6 6. Nc3 Bg7 7. Bc4 0-0 8. Nge2 Nbd7 9. d6 exd6 10. 0-0 Nb6 11. Bb3 Re8 12. Re1 Bf5 13. Bf4 Qd7 14. Qd2 d5 15. Bh6 Bh8 16. Ng3 Ne4 17. Ncxe4 dxe4 18. Nxf5 Qxf5 19. Rac1 Rac8 20. Qb4 Qd7 21. Rxc8 Nxc8 22. Ba4 Qe7 23. Qd2 Rd8 24. Bg5 f6 25. Bb3+ Kf8 26. Bh4 Nd6 27. Qh6+ Qg7 28. Qc1 g5 29. Bg3 Qe7 30. Qc5 b6 31. Qb4 f5 32. Rc1 f4 33. Rf1 Nc8 34. Qd2 Rxd4 35. Qc2 Qc5 36. Qe2 Qe7 37. Qh5 Bf6 38. h3 fxg3 39. fxg3 Kg7 40. Qg4 Nd6 41. h4 e3 42. Qh5 e2 0-1

[Event "Rostock SSC op 17th"]
[Site "Rostock"]
[Date "2018.07.14"]
[Round "6.6"]
[White "Freyberg, Dominic"]
[Black "Hingst, Silke"]
[Result "1-0"]
[WhiteElo "2152"]
[BlackElo "1892"]
[PlyCount "41"]
[EventDate "2018.07.11"]
[EventType "swiss"]
[EventRounds "7"]
[EventCountry "GER"]
[SourceTitle "EXT 2019"]
[Source "ChessBase"]
[SourceDate "2018.10.10"]
[SourceVersion "1"]
[SourceVersionDate "2018.10.10"]
[SourceQuality "1"]

1. e4 c5 2. Nc3 d6 3. Bc4 Nf6 4. f4 e6 5. Nf3 Be7 6. 0-0 0-0 7. d3 a6 8. a4 Nc6 9. Kh1 Nb4 10. e5 Nfd5 11. Ne4 dxe5 12. fxe5 Nb6 13. Bb3 h6 14. Qe1 Qc7 15. Qg3 Kh7 16. Qh3 c4 17. dxc4 Nxc4 18. Nf6+ Bxf6 19. exf6 e5 20. Qh4 Rh8 21. Bxc4 1-0

[Event "Rostock SSC op 17th"]
[Site "Rostock"]
[Date "2018.07.12"]
[Round "3.14"]
[White "Hingst, Silke"]
[Black "Raitza, Egon"]
[Result "1-0"]
[WhiteElo "1892"]
[BlackElo "1724"]
[PlyCount "43"]
[EventDate "2018.07.11"]
[EventType "swiss"]
[EventRounds "7"]
[EventCountry "GER"]
[SourceTitle "EXT 2019"]
[Source "ChessBase"]
[SourceDate "2018.10.10"]
[SourceVersion "1"]
[SourceVersionDate "2018.10.10"]
[SourceQuality "1"]

1. e4 e6 2. d4 d5 3. Nd2 Nf6 4. e5 Nfd7 5. Bd3 c5 6. c3 Nc6 7. Ne2 Qb6 8. Nf3 cxd4 9. cxd4 f6 10. 0-0 fxe5 11. dxe5 Ndxe5 12. Nxe5 Nxe5 13. Be3 Bc5 14. Nf4 0-0 15. Bxh7+ Kxh7 16. Qh5+ Kg8 17. Bxc5 Qxc5 18. Qxe5 Qb6 19. Ng6 Rf6 20. Qh5 Qd6 21. f4 b6 22. Qh8+ 1-0

[Event "Rostock SSC op 17th"]
[Site "Rostock"]
[Date "2018.07.11"]
[Round "2.8"]
[White "Schmidt, Peter"]
[Black "Hingst, Silke"]
[Result "1-0"]
[WhiteElo "2114"]
[BlackElo "1892"]
[PlyCount "51"]
[EventDate "2018.07.11"]
[EventType "swiss"]
[EventRounds "7"]
[EventCountry "GER"]
[SourceTitle "EXT 2019"]
[Source "ChessBase"]
[SourceDate "2018.10.10"]
[SourceVersion "1"]
[SourceVersionDate "2018.10.10"]
[SourceQuality "1"]

1. Nf3 f5 2. b3 Nf6 3. Bb2 d6 4. d4 g6 5. e3 Bg7 6. Bc4 Ne4 7. Nfd2 e6 8. 0-0 Qg5 9. Qe2 0-0 10. f3 Nxd2 11. Nxd2 Bh6 12. Rae1 a6 13. a4 Nc6 14. d5 Ne7 15. f4 Qh5 16. Qf2 g5 17. e4 gxf4 18. dxe6 c5 19. e5 d5 20. Qxc5 Qe8 21. Bxd5 Nxd5 22. Qxd5 Qxe6 23. c4 Bd7 24. Nf3 Kg7 25. Nd4 Qb6 26. Qxd7+ 1-0

[Event "Rostock SSC 07 op 15th"]
[Site "Rostock"]
[Date "2016.07.28"]
[Round "3"]
[White "Hingst, Silke"]
[Black "Abele, Stefan"]
[Result "1/2-1/2"]
[WhiteElo "1894"]
[BlackElo "1705"]
[PlyCount "53"]
[EventDate "2016.07.27"]
[EventType "swiss"]
[EventRounds "7"]
[EventCountry "GER"]
[SourceTitle "EXT 2017"]
[Source "ChessBase"]
[SourceDate "2016.10.25"]
[SourceVersion "1"]
[SourceVersionDate "2016.10.25"]
[SourceQuality "1"]

1. e4 c6 2. d4 d5 3. exd5 cxd5 4. c3 Nc6 5. Nf3 Nf6 6. Bb5 a6 7. Ba4 b5 8. Bc2 g6 9. 0-0 Bg7 10. Be3 0-0 11. Nbd2 Qd6 12. h3 Bd7 13. Nb3 b4 14. Nc5 bxc3 15. bxc3 Na5 16. Nxd7 Nxd7 17. Bd3 Rfc8 18. Qd2 Nc4 19. Bxc4 Rxc4 20. Bf4 Qc6 21. Rac1 Rc8 22. Rfe1 e6 23. Re3 Qa4 24. Qb2 Qc6 25. Rd3 Bf8 26. Rb1 Bd6 27. Bxd6 1/2-1/2

[Event "GER-chT Federal Cup (Women)"]
[Site "Braunfels"]
[Date "2015.06.05"]
[Round "3.3"]
[White "Noppes, Marina"]
[Black "Hingst, Silke"]
[Result "0-1"]
[WhiteElo "1930"]
[BlackElo "1826"]
[PlyCount "78"]
[EventDate "2015.06.04"]
[EventType "team-swiss"]
[EventRounds "5"]
[EventCountry "GER"]
[SourceTitle "CBM 167 Extra"]
[Source "ChessBase"]
[SourceDate "2015.09.14"]
[SourceVersion "1"]
[SourceVersionDate "2015.09.14"]
[SourceQuality "1"]
[WhiteTeam "Wuerttemberg (W)"]
[BlackTeam "Mecklenburg Vorpommern (W)"]
[WhiteTeamCountry "GER"]
[BlackTeamCountry "GER"]

1. d4 f5 2. Nf3 Nf6 3. c4 d6 4. g3 g6 5. Bg2 Bg7 6. 0-0 0-0 7. Nc3 c6 8. Qb3 Qe8 9. d5 Na6 10. Be3 c5 11. a3 Nc7 12. Qc2 b5 13. cxb5 Nxb5 14. Nxb5 Qxb5 15. a4 Qb4 16. Ng5 Ng4 17. Bc1 Rb8 18. Ne6 Bxe6 19. dxe6 Rb6 20. Rb1 Rfb8 21. h3 Nf6 22. Bd2 Qb3 23. Qxb3 Rxb3 24. Bc3 Ne4 25. Bxg7 Kxg7 26. Bxe4 fxe4 27. Rfc1 Rxb2 28. Rxb2 Rxb2 29. a5 Kf6 30. Rc3 Kxe6 31. Re3 Kd5 32. f3 exf3 33. exf3 e5 34. f4 e4 35. g4 Kd4 36. Ra3 c4 37. f5 gxf5 38. gxf5 c3 39. Ra4+ Kd3 0-1

[Event "GER-chT Lands U21"]
[Site "Xanten"]
[Date "2011.11.03"]
[Round "7.5"]
[White "Hingst, Silke"]
[Black "Perske, Thore"]
[Result "1-0"]
[WhiteElo "1834"]
[BlackElo "1956"]
[PlyCount "57"]
[EventDate "2011.10.31"]
[EventType "team-swiss"]
[EventRounds "7"]
[EventCountry "GER"]
[SourceTitle "EXT 2022"]
[Source "ChessBase"]
[SourceDate "2021.10.06"]
[SourceVersion "1"]
[SourceVersionDate "2021.10.06"]
[SourceQuality "1"]
[WhiteTeam "Mecklenburg-Vorpommern U21"]
[BlackTeam "Rheinland Pfalz U21"]
[WhiteTeamCountry "GER"]
[BlackTeamCountry "GER"]

1. f4 Nf6 2. Nf3 g6 3. g3 Bg7 4. Bg2 0-0 5. 0-0 c5 6. d3 d6 7. c3 Nc6 8. a4 a6 9. Bd2 Rb8 10. Nh4 Bd7 11. f5 b5 12. Qc1 Qb6 13. Na3 Na5 14. Qc2 c4+ 15. d4 Rfc8 16. fxg6 hxg6 17. Nxg6 fxg6 18. Rxf6 exf6 19. Bd5+ Kh7 20. Qe4 Bh6 21. Qe7+ Bg7 22. Qe4 Bh6 23. Qh4 g5 24. Qe4+ f5 25. Qe7+ Kh8 26. Qf6+ Bg7 27. Qxg5 Bxd4+ 28. Kg2 Be6 29. Qh6+ 1-0

[Event "GER-chT Lands U21"]
[Site "Xanten"]
[Date "2011.11.02"]
[Round "5.5"]
[White "Hingst, Silke"]
[Black "Krueger, David"]
[Result "1/2-1/2"]
[WhiteElo "1834"]
[BlackElo "1708"]
[PlyCount "75"]
[EventDate "2011.10.31"]
[EventType "team-swiss"]
[EventRounds "7"]
[EventCountry "GER"]
[SourceTitle "EXT 2022"]
[Source "ChessBase"]
[SourceDate "2021.10.06"]
[SourceVersion "1"]
[SourceVersionDate "2021.10.06"]
[SourceQuality "1"]
[WhiteTeam "Mecklenburg-Vorpommern U21"]
[BlackTeam "Hamburg U21"]
[WhiteTeamCountry "GER"]
[BlackTeamCountry "GER"]

1. f4 f5 2. b3 Nf6 3. Bb2 g6 4. Nf3 Bg7 5. Nc3 0-0 6. g3 b6 7. Bg2 Bb7 8. 0-0 d6 9. d3 Nbd7 10. e4 fxe4 11. Ng5 Nc5 12. b4 h6 13. bxc5 hxg5 14. fxg5 Nd5 15. Bxe4 Nxc3 16. Bxc3 Bxc3 17. Bxb7 Bxa1 18. Bd5+ Kh7 19. Qg4 Rxf1+ 20. Kxf1 Qf8+ 21. Kg2 Kg7 22. Qh4 Qh8 23. Qh6+ Qxh6 24. gxh6+ Kxh6 25. Bxa8 bxc5 26. Bd5 Kg5 27. Kf3 Kf6 28. h4 e6 29. Bc6 Kf7 30. g4 Bg7 31. h5 g5 32. Ke4 Ke7 33. c4 Kf6 34. Bb7 Ke7 35. Bc6 Kd8 36. Kf3 Kc8 37. Ke4 a6 38. Kf3 1/2-1/2

[Event "GER-chT Lands U21"]
[Site "Xanten"]
[Date "2011.11.02"]
[Round "6.5"]
[White "Wegner, Florian"]
[Black "Hingst, Silke"]
[Result "0-1"]
[WhiteElo "1660"]
[BlackElo "1834"]
[PlyCount "70"]
[EventDate "2011.10.31"]
[EventType "team-swiss"]
[EventRounds "7"]
[EventCountry "GER"]
[SourceTitle "EXT 2022"]
[Source "ChessBase"]
[SourceDate "2021.10.06"]
[SourceVersion "1"]
[SourceVersionDate "2021.10.06"]
[SourceQuality "1"]
[WhiteTeam "Schleswig Holstein/NDS U21"]
[BlackTeam "Mecklenburg-Vorpommern U21"]
[WhiteTeamCountry "GER"]
[BlackTeamCountry "GER"]

1. e4 c5 2. Nf3 d6 3. d4 cxd4 4. Nxd4 Nf6 5. Nc3 a6 6. Be2 h6 7. Be3 e5 8. Nb3 Be7 9. 0-0 0-0 10. a4 Nbd7 11. Qd2 Qc7 12. f4 Nb6 13. Bxb6 Qxb6+ 14. Kh1 Be6 15. a5 Qc6 16. Bf3 Bc4 17. Rfd1 Rfd8 18. Nc1 Rac8 19. N1e2 Qd7 20. Ng3 Be6 21. f5 Bc4 22. Nf1 Qc6 23. Ne3 Nd7 24. Ra4 Bb5 25. Raa1 Bg5 26. Ncd5 Bc4 27. Qc3 Qb5 28. Nxc4 Rxc4 29. Be2 Rxc3 30. Bxb5 Rxc2 31. Bxd7 Rxd7 32. b4 Rd8 33. Kg1 Rdc8 34. Kf1 R8c4 35. Re1 Rb2 0-1

[Event "Rostock SSC 07 op 10th"]
[Site "Rostock"]
[Date "2011.08.04"]
[Round "3"]
[White "Hingst, Silke"]
[Black "Skibbe, Peter"]
[Result "1-0"]
[WhiteElo "1855"]
[BlackElo "1565"]
[PlyCount "31"]
[EventDate "2011.08.03"]
[EventType "swiss"]
[EventRounds "7"]
[EventCountry "GER"]
[SourceTitle "EXT 2017"]
[Source "ChessBase"]
[SourceDate "2016.10.25"]
[SourceVersion "1"]
[SourceVersionDate "2016.10.25"]
[SourceQuality "1"]

1. e4 c5 2. c3 Nc6 3. d4 cxd4 4. cxd4 e6 5. Nc3 d6 6. Nf3 Bd7 7. Be2 g6 8. 0-0 Bg7 9. Nb5 Qb8 10. Bf4 e5 11. dxe5 dxe5 12. Be3 Bf8 13. Bc4 Be7 14. Bxf7+ Kxf7 15. Qxd7 Kf8 16. Nc7 1-0

[Event "GER-ch U18 Girls"]
[Site "Willingen"]
[Date "2009.05.30"]
[Round "1"]
[White "Jussupow, Ekaterina"]
[Black "Hingst, Silke"]
[Result "1-0"]
[WhiteElo "2186"]
[BlackElo "1833"]
[PlyCount "101"]
[EventDate "2009.05.30"]
[EventType "swiss"]
[EventRounds "9"]
[EventCountry "GER"]
[SourceTitle "CBM 130 Extra"]
[Source "ChessBase"]
[SourceDate "2009.07.02"]
[SourceVersion "2"]
[SourceVersionDate "2009.07.15"]
[SourceQuality "1"]

1. Nf3 d6 2. d4 f5 3. g3 Nf6 4. Bg2 g6 5. b3 Bg7 6. Bb2 0-0 7. 0-0 Qe8 8. c4 Na6 9. d5 e5 10. dxe6 Qxe6 11. Nd4 Qe7 12. Nc3 c6 13. Re1 Ne4 14. e3 Bd7 15. f3 Nxc3 16. Bxc3 Rae8 17. Qd2 Bh6 18. Nc2 Be6 19. f4 Nc5 20. Bb4 Qc7 21. Kh1 Rf7 22. Rad1 Rd7 23. Ba3 Ne4 24. Bxe4 fxe4 25. Bxd6 Qd8 26. c5 Bg4 27. Qb4 Bxd1 28. Rxd1 b6 29. Qc4+ Kh8 30. b4 Bf8 31. Qc3+ Kg8 32. Qb3+ Kh8 33. Qc3+ Kg8 34. Qc4+ Kh8 35. Be5+ Rxe5 36. Rxd7 Qxd7 37. fxe5 Qd1+ 38. Kg2 Qf3+ 39. Kg1 Bh6 40. Qd4 Bg5 41. e6+ Bf6 42. e7 Bxd4 43. e8Q+ Kg7 44. Qd7+ Kh6 45. Qxd4 Kg5 46. Qe5+ Kg4 47. Qd4 h5 48. Ne1 Qf5 49. Nd3 Kg5 50. Nf2 bxc5 51. h4+ 1-0

[Event "Mecklenburg VP-ch U18"]
[Site "Malchow"]
[Date "2009.02.10"]
[Round "7.3"]
[White "Schreiber, Felix"]
[Black "Hingst, Silke"]
[Result "0-1"]
[WhiteElo "1467"]
[BlackElo "1767"]
[PlyCount "62"]
[EventDate "2009.02.08"]
[EventType "tourn"]
[EventRounds "7"]
[EventCountry "GER"]
[SourceTitle "EXT 2022"]
[Source "ChessBase"]
[SourceDate "2021.10.06"]
[SourceVersion "1"]
[SourceVersionDate "2021.10.06"]
[SourceQuality "1"]

1. d4 f5 2. Nc3 Nf6 3. Bg5 g6 4. e3 Bg7 5. Bd3 0-0 6. Nge2 d6 7. Bxf6 Bxf6 8. 0-0 Nc6 9. Qd2 e5 10. dxe5 Nxe5 11. Nf4 c6 12. Rad1 Qc7 13. Rfe1 Qg7 14. h3 Qh6 15. Be2 d5 16. Nd3 Nc4 17. Qc1 Bg5 18. Nf4 Nd6 19. Nb1 Bh4 20. g3 Be7 21. Kg2 Kh8 22. Rh1 g5 23. Nd3 Be6 24. Nc5 f4 25. Nxe6 Qxe6 26. exf4 gxf4 27. g4 f3+ 28. Bxf3 Rxf3 29. Kxf3 Qe4+ 30. Kg3 Nf5+ 31. Kh2 Qf3 0-1

[Event "Mecklenburg VP-ch U18"]
[Site "Malchow"]
[Date "2009.02.09"]
[Round "5.2"]
[White "Scheel, Sebastian"]
[Black "Hingst, Silke"]
[Result "1-0"]
[WhiteElo "1616"]
[BlackElo "1767"]
[PlyCount "87"]
[EventDate "2009.02.08"]
[EventType "tourn"]
[EventRounds "7"]
[EventCountry "GER"]
[SourceTitle "EXT 2022"]
[Source "ChessBase"]
[SourceDate "2021.10.06"]
[SourceVersion "1"]
[SourceVersionDate "2021.10.06"]
[SourceQuality "1"]

1. e4 e5 2. Nf3 Nc6 3. Bc4 Nf6 4. d3 Bc5 5. Bg5 d6 6. h3 Be6 7. Nbd2 Qe7 8. c3 h6 9. Bh4 g5 10. Bg3 Nh5 11. Nxe5 Nxg3 12. Nxc6 Bxf2+ 13. Kxf2 Nxh1+ 14. Kg1 bxc6 15. Kxh1 g4 16. Bxe6 Qxe6 17. h4 0-0 18. Qa4 d5 19. Rf1 f5 20. exf5 Rxf5 21. Qxg4+ Kh8 22. Qxf5 Qe2 23. Qf2 Qxd3 24. Qd4+ Qxd4 25. cxd4 Kg7 26. Nf3 Rb8 27. b3 Re8 28. Re1 Rc8 29. Re6 c5 30. dxc5 Rd8 31. Re7+ Kf6 32. Rxc7 d4 33. c6 d3 34. Rd7 Rc8 35. Rxd3 Rxc6 36. Rd7 Ra6 37. a4 Ke6 38. Rd8 Rb6 39. Nd2 Ke7 40. Rh8 Re6 41. Nf3 a6 42. Rh7+ Kd8 43. Kh2 Ke8 44. b4 1-0

[Event "Mecklenburg VP LL 0809"]
[Site "Mecklenburg VP"]
[Date "2009.01.18"]
[Round "5.7"]
[White "Wiemer, Juergen"]
[Black "Hingst, Silke"]
[Result "0-1"]
[WhiteElo "1915"]
[BlackElo "1807"]
[PlyCount "94"]
[EventDate "2008.10.05"]
[EventType "team-tourn"]
[EventRounds "9"]
[EventCountry "GER"]
[SourceTitle "EXT 2022"]
[Source "ChessBase"]
[SourceDate "2021.10.06"]
[SourceVersion "1"]
[SourceVersionDate "2021.10.06"]
[SourceQuality "1"]
[WhiteTeam "Neukloster II"]
[BlackTeam "Rostock SSC 07 II"]
[WhiteTeamCountry "GER"]
[BlackTeamCountry "GER"]

1. e4 e5 2. Nf3 Nc6 3. d4 exd4 4. Nxd4 Nf6 5. Bg5 Bc5 6. c3 Qe7 7. Nxc6 Qxe4+ 8. Qe2 Qxe2+ 9. Bxe2 dxc6 10. Bxf6 gxf6 11. Nd2 Be6 12. Ne4 Be7 13. 0-0 0-0-0 14. Rfe1 f5 15. Ng3 Rhg8 16. Bf3 Rd2 17. Re2 Rgd8 18. Nf1 Rxe2 19. Bxe2 f4 20. b3 Ba3 21. c4 Bf5 22. Bf3 Re8 23. h3 Rg8 24. Kh2 Bc5 25. g4 fxg3+ 26. fxg3 Bd6 27. Kg2 Bd3 28. g4 h5 29. Rd1 Bc2 30. Rc1 Bf5 31. Ne3 Be6 32. Re1 f5 33. Rh1 Bc5 34. Nf1 fxg4 35. hxg4 hxg4 36. Be4 Rf8 37. Kg3 Bd4 38. Nh2 Be5+ 39. Kg2 Rh8 40. Nf1 Rxh1 41. Kxh1 Kd7 42. Kg2 Kd6 43. Ne3 Kc5 44. Nc2 Kd6 45. Kf2 Bc3 46. Ke3 Ke5 47. Bg2 Bf5 0-1